000 00559cab a2200193 4500
001 X1179
008 090401t1993 xxu||||| |||| 00| 0 eng d
035 _a(Sirsi) u15251
041 _aeng
245 _aLeasehold and housing legislation becomes operative
260 _c1993
350 _a0
490 _aCS Monthly : General Practice
_v3(3) November 1993, 4(1)
650 _aLEASEHOLD ENFRANCHISEMENT
650 _aLEASEHOLD REFORM, HOUSING AND URBAN DEVELOPMENT ACT 1993
690 _aPROPERTY-LANDLORD AND TENANT
942 _n0
948 _c04/03/1997
999 _c9977
_d9977